Mammal Genera - Statistics

General Stats
  • This quiz has been taken 10 times
  • The average score is 8 of 14
Answer Stats
Common Name Genus name % Correct
Horse Equus
100%
Chimpanzee Pan
89%
Pig Sus
89%
African Elephant Loxodonta
78%
Domestic Sheep Ovis
78%
Giraffe Giraffa
67%
Black Rat Rattus
67%
Baboon Papio
56%
Blue Whale Balaenoptera
44%
Red Kangaroo Macropus
44%
Three-toed Sloth Bradypus
33%
European Hedgehog Erinaceus
33%
Platypus Ornithorhynchus
33%
Tamarin Saguinus
33%
No matching quizzes found
Score Distribution
Percent of People with Each Score
Percentile by Number Answered
Your Score History
You have not taken this quiz